Southville International School and Colleges
Your cart is empty.
  • Cart
  • Lists
    Public lists Eva Luna New books Lux_list list_1
    Your lists Log in to create your own lists
  • Log in to your account
  • Your cookies
  • Search history
Southville International School and Colleges
  • Advanced search
  • Recent comments
  • Most popular
  • Libraries

Log in to your account

Log in with GOOGLE


If you do not have an external account, but do have a local account, you can still log in:

  1. Home
  2. MARC view: Lassitude and other stories /
Normal view MARC view ISBD view

Lassitude and other stories / (Record no. 1648)

[ view plain ]
MARC details
000 -LEADER
fixed length control field 00498nam a22001937a 4500
003 - CONTROL NUMBER IDENTIFIER
control field OSt
005 - DATE AND TIME OF LATEST TRANSACTION
control field 20140310181713.0
008 - FIXED-LENGTH DATA ELEMENTS--GENERAL INFORMATION
fixed length control field 121211t xxu||||| |||| 00| 0 eng d
020 ## - INTERNATIONAL STANDARD BOOK NUMBER
International Standard Book Number 9712706915
050 ## - LIBRARY OF CONGRESS CALL NUMBER
Classification number PL 5546
Item number .C828 1998
082 ## - DEWEY DECIMAL CLASSIFICATION NUMBER
Classification number FIL 899.2103
Item number C81 1998
100 ## - MAIN ENTRY--PERSONAL NAME
Personal name Cortes, Carlos.
245 ## - TITLE STATEMENT
Title Lassitude and other stories /
Statement of responsibility, etc Carlos Cortes.
260 ## - PUBLICATION, DISTRIBUTION, ETC. (IMPRINT)
Place of publication, distribution, etc Pasig City :
Name of publisher, distributor, etc Anvil,
Date of publication, distribution, etc 1998.
300 ## - PHYSICAL DESCRIPTION
Extent 234 p. :
Dimensions 22 cm.
650 ## - SUBJECT ADDED ENTRY--TOPICAL TERM
Topical term or geographic name as entry element Stories
942 ## - ADDED ENTRY ELEMENTS (KOHA)
Source of classification or shelving scheme Library of Congress Classification
Koha item type Books
Holdings
Withdrawn status Lost status Source of classification or shelving scheme Damaged status Home library Current library Shelving location Date acquired Total Checkouts Full call number Barcode Date last seen Copy number Price effective from Koha item type
    Library of Congress Classification   Luxembourg Library Luxembourg Library Filipiniana Section 12/11/2012   PL 5546 .C828 1998 11392 08/13/2013 1 10/03/2013 Books

Lassitude and other stories /

APA

Cortes C., . (1998). Lassitude and other stories. Pasig City: Anvil.

Chicago

Cortes Carlos, . 1998. Lassitude and other stories. Pasig City: Anvil.

Harvard

Cortes C., . (1998). Lassitude and other stories. Pasig City: Anvil.

MLA

Cortes Carlos, . Lassitude and other stories. Pasig City: Anvil. 1998.

  • Place hold
  • Print
  • Cite
  • Add to your cart (remove)
  • Save record
    BIBTEX Dublin Core MARCXML MARC (non-Unicode/MARC-8) MARC (Unicode/UTF-8) MARC (Unicode/UTF-8, Standard) MODS (XML) RIS
  • More searches
    Search for this title in:
    Other Libraries (WorldCat) Other Databases (Google Scholar) Online Stores (Bookfinder.com) Open Library (openlibrary.org)

Exporting to Dublin Core...

SOUTHVILLE LIBRARY

Southville International School and Colleges Library

1281 Tropical Ave. Cor. Luxembourg St., BF Homes International, Las Pinas City

Tel. No. 8256374 / 252358 Loc. 117/146

Powered by Koha